02323nam a2200493 a 450000500170000000800410001702000180005804100080007609200170008410000280010124500610012925001470019026000450033730000170038250001210039965300310052065300310055165300210058265300220060365300500062565300600067565300300073565300290076565300860079465300170088065300660089765300220096365300280098565300660101370000340107970000390111370000400115270000290119270000400122170000390126170000390130070000370133970000370137670000400141394200120145399900150146595201860148095201630166620240424102812.0100309s2012||||sp il. f |||| 001 0 spa d a9788480869706 aspa c616l30sGOL1 aGoldman, LeeeEd.91800 aCECIL. Tratado de Medicina Interna. bT.2 /cLee Goldman a24a ed. versión en español de la 24 ed. de la obra original en inglésbRevisión científica y técnica Carlos Barros Aguado [et. al] aBarcelona: bElsevier ; Saunders;c2012. a1344-2576 p. aGoldman, L. (Ed.) et al. (2012). CECIL. Tratado de medicina interna. T.2 (24a ed.). Barcelona : Elsevier ; Saunders. aEnfermedades metabólicas aEnfermedades nutricionales aSalud endocrinas aSalud en la mujer aEnfermedades del metabolismo óseo y mineral aEnfermedades de la alergia y la inmunología clínica aEnfermedades reumáticas aEnfermedades infecciosas aVirus de la inmunodeficiencia adquirida y Sindrome de inmunodeficiencia adquirida aNeurología aEnfermedades de los ojos, los oídos, la nariz y la garganta aConsulta médica aEnfermedades de la piel aApéndice: intervalos de referencia y valores de laboratorio1 aSchafer, Andrew I.eEd.925111 aArend. William P.eEd. Asoc.935571 aArmitage, James O.eEd. Asoc.935581 aClemmons, David R.935591 aDrazen, Jeffrey M.eEd. Asoc.935601 aGriggs, Robert C.eEd. Asoc.935611 aLandry, Donald W.eEd. Asoc.935621 aLevinson, WendyeEd. Asoc.935631 aRustgi, Anil K.eEd. Asoc.935641 aScheld, W. MichaeleEd. Asoc.93565 2ddccBK c1578d1578 00102ddc40708REFaBFMbBFMcREFd2013-07-26g1.75l15o616 30 GOLp2988r2017-04-10s2017-04-07tej.5w2013-07-26yREFzLIBRO DE CONSULTA. COMPRA PROMED, 2DO AÑO. JULIO 2013f 00102ddc4070aBFMbBFMcCRd2013-07-26g1.75l86m7o616 30 GOLp2990r2023-08-11s2023-07-27tej.6w2013-07-26yBKzCOMPRA PROMED, 2DO AÑO. JULIO 2013f